000 00476cam a2200157 4500500
005 20251012032513.0
041 _afre
042 _adc
100 1 0 _aDrummond de Andrade, Carlos
_eauthor
700 1 0 _a Le Moing, Monique
_eauthor
245 0 0 _aInquérito / Enquête
260 _c2002.
500 _a59
786 0 _nSigila | 10 | 2 | 2002-12-20 | p. 226-229 | 1286-1715
856 4 1 _uhttps://shs.cairn.info/revue-sigila-2002-2-page-226?lang=fr&redirect-ssocas=7080
999 _c1547491
_d1547491